000
00333nam a2200133Ia 4500
008
240624s9999 xx 000 0 und d
041
_a
eng
082
_a
378.1734 BON
100
_a
BONK CURTIS J
245
_a
HANDBOOK OF BLENDED LEARNING GLOBAL PERS
260
_c
2005
_a
New Jersey
_b
Pfeiffer
300
_a
624 : p.
365
_c
_b
30
999
_c
20201
_d
20201